[Event "45th FIDE Chess Olympiad Open"]
[Site "Budapest, Hungary"]
[Date "2024.09.11"]
[Round "1.115"]
[White "Gavarrete, Joel"]
[Black "Kazakouski, Valery"]
[Result "0-1"]
[WhiteElo "2059"]
[BlackElo "2577"]
[PlyCount "86"]
[EventDate "2024.??.??"]
[WhiteTeam "Honduras"]
[BlackTeam "Lithuania"]
[WhiteTeamCountry "HON"]
[BlackTeamCountry "LTU"]
[WhiteClock "0:29:29"]
[BlackClock "0:24:23"]

1. e4 c5 2. Nf3 Nc6 3. d4 cxd4 4. Nxd4 Nf6 5. Nc3 d6 6. Be2 e5 7. Nb3 Be7 8. Be3 Be6 9. O-O O-O 10. Kh1 a5 11. Nd2 ({RR} 11. Bb5 Na7 12. Bd3 Nc8 13. f4 Nb6 14. fxe5 dxe5 15. Nc5 Bg4 16. Qe1 Qc7 17. Qf2 Bh5 18. h3 Bg6 19. a3 Nc8 20. N5a4 Qc6 21. Bb5 Nxe4 22. Qf3 Qe6 23. Nxe4 Bxe4 24. Qxe4 Nd6 25. Qd3 e4 {Drenchev,P (2450)-Babaev,R (2484) Creon 2008 1-0 (56)}) ({RR} 11. f4 a4 12. Nd2 a3 13. b3 Nb4 14. Nc4 exf4 15. Bxf4 d5 16. exd5 Nfxd5 17. Nxd5 Nxd5 18. Bd2 Rc8 19. Bd3 Nb4 20. Be2 Qc7 21. Bf4 Qc6 22. Bf3 Qa6 23. Be2 Rfd8 24. Qc1 Bf6 25. c3 Nd3 {Turkova,K (1876)-Camacho Collados,M (2469) Pula CRO 2023 0-1 (56)}) 11... Rb8 $146 ({RR} 11... d5 12. exd5 Nxd5 13. Nxd5 Bxd5 14. Nc4 Bxc4 15. Bxc4 Qc7 16. Qe2 Rad8 17. Rfd1 Nd4 18. Bxd4 exd4 19. Bd3 Rfe8 20. Qg4 Qc5 21. Re1 Bf6 22. Re4 g6 23. Rae1 Rxe4 24. Qxe4 b5 25. g3 b4 26. b3 {Szukalski,A (1914)-Ponceleusz,B (1945) Warsaw 2009 ½-½ (31)}) ({RR} 11... Nd4 12. Bxd4 exd4 13. Nb5 Qb6 14. a4 Rac8 15. f4 Qc5 16. f5 Bd7 17. Bd3 Bxb5 18. axb5 Qc7 19. Nb3 d5 20. exd5 Nxd5 21. Qf3 Rfd8 22. Nxa5 Ne3 23. Rf2 Ra8 24. Nb3 Rxa1+ 25. Nxa1 Qa5 26. Rf1 {Martic,S (2014)-Martinovic,S (2504) Pula 2012 0-1 (31)}) ({RR} 11... Rc8 12. Nd5 Nxd5 13. exd5 Bxd5 14. Nc4 Bxc4 15. Bxc4 Nb4 16. Bb3 Kh8 17. c3 Nc6 18. f4 Bf6 19. Qd3 Qe7 20. Rad1 Rcd8 21. Bb6 Ra8 22. Rfe1 Ra6 23. Bg1 Rd8 24. Bc4 Raa8 25. Bb6 Rd7 26. a4 {Schroeer,H-Kuehler,W Germany 2001 ½-½ (40)}) 12. a4 d5 13. exd5 Nxd5 14. Nxd5 Qxd5 15. Bc4 Qd7 16. c3 Bxc4 17. Nxc4 Qe6 18. Qe2 e4 19. Rfe1 f5 20. Bf4 Rbe8 21. f3 Bc5 22. Rad1 Qf7 23. Nd6 Bxd6 24. Bxd6 exf3 25. Qxf3 Rxe1+ 26. Rxe1 Rd8 27. Bf4 h6 28. h4 Qc4 29. Bg3 Rf8 30. Qe2 Qxa4 31. Qe6+ Kh7 32. c4 Qb3 33. Bd6 Rf6 34. Qd5 Qxb2 35. Re8 Qa1+ 36. Kh2 Qd4 37. Qg8+ Kg6 38. Bg3 f4 39. h5+ Kxh5 40. Be1 Kg6 41. Bh4 Ne5 42. Bxf6 Ng4+ 43. Kh3 Qd3+ 0-1

[Event "45th FIDE Chess Olympiad Open"]
[Site "Budapest, Hungary"]
[Date "2024.09.11"]
[Round "1.117"]
[White "Andersen, Mads"]
[Black "Paiva, Donaldo"]
[Result "1-0"]
[WhiteElo "2598"]
[BlackElo "2139"]
[PlyCount "63"]
[EventDate "2024.??.??"]
[WhiteTeam "Denmark"]
[BlackTeam "Mozambique"]
[WhiteTeamCountry "DEN"]
[BlackTeamCountry "MOZ"]
[WhiteClock "0:28:51"]
[BlackClock "0:55:44"]

1. e4 c6 2. d4 d5 3. Nc3 dxe4 4. Nxe4 Nf6 5. Nxf6+ exf6 6. Be3 Bd6 7. Bd3 O-O 8. Ne2 Re8 9. O-O Nd7 10. c4 Nf8 11. Qc2 Qc7 12. h3 Be6 13. Rad1 Rac8 14. Rfe1 Ng6 15. Nc3 Qd7 16. Bf1 $146 ({RR} 16. Ne4 Bb8 17. Ng3 Nh4 18. f4 Bxh3 19. gxh3 Rxe3 20. Rxe3 Bxf4 21. Rde1 Bxe3+ 22. Rxe3 Qxd4 23. Qf2 Qd8 24. Nf5 Ng6 25. Rg3 Kh8 26. Bf1 Qd1 27. Kh2 Rd8 28. Bg2 Qd2 29. Qxa7 Qxb2 30. Nd6 Ne5 {Chen,R (2406)-Kunka,H (2347) Schaumburg USA 2023 ½-½ (65)}) 16... Bf5 17. Qa4 Bb8 18. d5 Qd6 19. g3 c5 20. Bxc5 Qd7 21. Rxe8+ Rxe8 22. Qxd7 Bxd7 23. Bd4 h5 24. c5 Be5 25. b4 h4 26. Bxe5 fxe5 27. b5 hxg3 28. fxg3 Rd8 29. c6 Be8 30. c7 Rc8 31. d6 Bd7 32. Bg2 1-0

[Event "45th FIDE Chess Olympiad Open"]
[Site "Budapest, Hungary"]
[Date "2024.09.11"]
[Round "1.118"]
[White "Andrade, Ivan"]
[Black "Thybo, Jesper Sondergaard"]
[Result "0-1"]
[WhiteElo "2132"]
[BlackElo "2555"]
[PlyCount "99"]
[EventDate "2024.??.??"]
[WhiteTeam "Mozambique"]
[BlackTeam "Denmark"]
[WhiteTeamCountry "MOZ"]
[BlackTeamCountry "DEN"]
[WhiteClock "0:28:01"]
[BlackClock "0:32:09"]

1. e4 e5 2. Nf3 Nc6 3. Bb5 g6 4. O-O Bg7 5. Re1 a6 6. Bxc6 ({RR} 6. Ba4 Nge7 7. c3 O-O 8. d3 d6 9. Nbd2 h6 10. Nf1 f5 11. Bb3+ Kh7 12. exf5 Nxf5 13. h3 Nh4 14. N1h2 Qf6 15. Re4 Nxf3+ 16. Nxf3 g5 17. Qe2 Bf5 18. Bd5 Ne7 19. Bxb7 Ra7 20. Rb4 c5 {Onischuk,V (2622)-Mamedyarov,S (2770) Chess.com INT 2021 1-0 (45)}) ({RR} 6. Ba4 b5 7. Bb3 d6 8. c3 Nge7 9. h3 Na5 10. Bc2 O-O 11. a4 Bb7 12. d4 exd4 13. cxd4 c5 14. Nc3 cxd4 15. Nxd4 b4 16. Nce2 Nc4 17. b3 Ne5 18. Bb2 Re8 19. Qd2 a5 20. Rad1 Qb6 {Oro,F (2357)-Caspi,I (2471) chess.com INT 2024 0-1 (68)}) 6... dxc6 7. d3 $146 ({RR} 7. Nc3 Ne7 8. d3 c5 9. h3 O-O 10. Be3 b6 11. Qd2 Qd6 12. a4 Be6 13. Ng5 Bd7 14. Nf3 Nc6 15. Nd5 Be6 16. Nc3 Nd4 17. Bxd4 cxd4 18. Ne2 h6 19. Rf1 c5 20. Ne1 f5 21. f3 f4 {Leitgeber,C (1904)-Frank,E (2271) Playchess.com INT 2020 0-1 (74)}) 7... c5 8. Bg5 Ne7 9. a4 a5 10. Na3 b6 11. Nc4 h6 12. Bh4 f6 13. Bg3 O-O 14. h3 Be6 15. Qe2 Qd7 16. b3 Rad8 17. Rad1 Nc6 18. c3 Rfe8 19. Qc2 Qf7 20. Nfd2 g5 21. Ne3 Rd7 22. Ndc4 Ne7 23. f3 Red8 24. Bh2 h5 25. g4 Bf8 26. Kf2 Ng6 27. Ke2 Qh7 28. Rh1 Qh8 29. Bg3 Rh7 30. Qb1 Rdd7 31. Rdg1 Nf4+ 32. Bxf4 exf4 33. Ng2 hxg4 34. hxg4 Rh2 35. Rxh2 Qxh2 36. Qf1 Rh7 37. Nd2 c6 38. Qf2 b5 39. axb5 cxb5 40. Ra1 Ra7 41. b4 cxb4 42. cxb4 Bxb4 43. Nf1 Qh7 44. Qb6 Qd7 45. Qb8+ Bf8 46. Rc1 Rb7 47. Qa8 Rc7 48. Rxc7 Qxc7 49. Qe8 Bf7 50. Qa8 0-1

[Event "45th FIDE Chess Olympiad Open"]
[Site "Budapest, Hungary"]
[Date "2024.09.11"]
[Round "1.119"]
[White "Olsen, Filip Boe"]
[Black "Jamal, Hamid Harmon Gulamo"]
[Result "1-0"]
[WhiteElo "2441"]
[BlackElo "1959"]
[PlyCount "79"]
[EventDate "2024.??.??"]
[WhiteTeam "Denmark"]
[BlackTeam "Mozambique"]
[WhiteTeamCountry "DEN"]
[BlackTeamCountry "MOZ"]
[WhiteClock "0:02:47"]
[BlackClock "0:14:27"]

1. d4 Nf6 2. c4 g6 3. Nc3 Bg7 4. e4 d6 5. h3 O-O 6. Be3 e5 7. d5 a5 8. g4 Na6 9. Nge2 Nd7 10. Qd2 Ndc5 11. Ng3 c6 12. Be2 cxd5 13. cxd5 Bd7 14. h4 Rb8 15. Nb5 Qb6 16. Na3 Qb4 $146 ({RR} 16... Qd8 17. Nc4 b5 18. Nxd6 Qb6 19. Ndf5 gxf5 20. gxf5 f6 21. Rg1 Rf7 22. Rc1 Kh8 23. f3 Bf8 24. Nh5 Bd6 25. a3 a4 26. Bf1 Qd8 27. Qg2 Qf8 28. Be2 Rc8 29. Kf2 Nb3 30. Rxc8 Bxc8 31. Bh6 {Panda,S (2395)-Subervi,J (2019) chess.com INT 2023 1-0 (38)}) 17. Nc4 Qxd2+ 18. Kxd2 b5 19. Nxa5 f5 20. gxf5 gxf5 21. exf5 e4 22. Rhg1 Kh8 23. Nc6 Bxc6 24. dxc6 d5 25. Bf4 Rb6 26. c7 d4 27. Nh5 Bh6 28. Bxh6 Rxh6 29. Rac1 d3 30. Bg4 Rc6 31. f6 Rxc7 32. Bf5 b4 33. Rg7 Rcf7 34. Rc4 Rxf6 35. Rxh7+ Kg8 36. Nxf6+ Rxf6 37. Rh5 Kf8 38. Rd4 Rf7 39. Rh8+ Ke7 40. Rh7 1-0

[Event "45th FIDE Chess Olympiad Open"]
[Site "Budapest, Hungary"]
[Date "2024.09.11"]
[Round "1.120"]
[White "Joao Farisse"]
[Black "Ramsdal, Jens Albert"]
[Result "1-0"]
[WhiteElo "1851"]
[BlackElo "2328"]
[PlyCount "119"]
[EventDate "2024.??.??"]
[WhiteTeam "Mozambique"]
[BlackTeam "Denmark"]
[WhiteTeamCountry "MOZ"]
[BlackTeamCountry "DEN"]
[WhiteClock "0:02:46"]
[BlackClock "0:01:03"]

1. c4 {Finn,Julius} Nf6 2. Nf3 e6 3. Nc3 d5 4. d4 c5 5. e3 a6 6. b3 cxd4 7. exd4 Bb4 8. Bd2 dxc4 ({RR} 8... O-O 9. Bd3 Nc6 10. a3 Ba5 11. b4 dxc4 12. Bxc4 Bb6 13. Be3 Ng4 14. O-O e5 15. d5 Nxe3 16. fxe3 Bxe3+ 17. Kh1 Nd4 18. Nxe5 Qh4 19. Nf3 Nxf3 20. Qxf3 Qxc4 21. Qxe3 Bd7 22. Rad1 a5 23. Qd4 {Palacio,I (2172)-Osmak,Y (2471) chess.com INT 2024 0-1}) 9. bxc4 O-O 10. Qb3 Ba5 $146 ({RR} 10... Nc6 11. Rd1 Qa5 12. Bd3 Rd8 13. Ne2 Bxd2+ 14. Rxd2 Nxd4 15. Nexd4 e5 16. O-O exd4 17. Be2 Re8 18. Bd1 Be6 19. Rxd4 b5 20. Be2 Nd7 21. Ng5 Nf8 22. Qb2 Bxc4 23. Bxc4 bxc4 {0-1 (23) Radulovic,D (2303)-Sekulic,D (2340) Belgrade 2007}) ({RR} 10... Nc6 11. Rd1 Qa5 12. Bd3 e5 13. d5 Nd4 14. Nxd4 exd4 15. Ne2 Bxd2+ 16. Rxd2 b5 17. c5 Rd8 18. d6 Bb7 19. Kd1 Rac8 20. Rc2 Ne4 21. Bxe4 Bxe4 22. Rc1 d3 23. Nd4 d2 24. Rc3 Rxd6 25. Nf3 {Rosenfeld,H-Johner,P New York 1909 EXT 2023 [Finn,Julius] 0-1}) ({RR} 10... Nc6 11. Rd1 Qe7 12. Bd3 e5 13. O-O exd4 14. Nd5 Nxd5 15. cxd5 Bxd2 16. Rxd2 Ne5 17. Nxd4 Qg5 18. f4 Qh6 19. Nf5 Bxf5 20. Bxf5 Ng6 21. Qxb7 Nxf4 22. Rdf2 Rab8 23. Qc6 Qxc6 24. dxc6 Nd5 25. Rd2 {Bazan Solera,M-De Lerma,J Asturias 1996 1-0 (39)}) 11. Bd3 e5 12. Ne4 Nxe4 13. Bxe4 Bxd2+ 14. Nxd2 Qxd4 15. Rd1 Nd7 16. O-O Nf6 17. Rfe1 Qc5 18. Bd5 Bg4 19. Rc1 Rad8 20. Qg3 Qc7 21. Nf1 Rfe8 22. Ne3 Bc8 23. Qh4 Qe7 24. Qg3 Nh5 25. Qf3 Nf4 26. Rcd1 b6 27. Bc6 Rxd1 28. Rxd1 Rd8 29. Nd5 Nxd5 30. cxd5 Qd6 31. Rc1 g6 32. Qe3 b5 33. h4 Kg7 34. Qb6 h5 35. Re1 Re8 36. f4 f6 37. Qa7+ Re7 38. fxe5 fxe5 39. Qe3 Bf5 40. Rf1 Rf7 41. Re1 Re7 42. Rf1 Bd7 43. Qf2 Kh7 44. Qf8 Bf5 45. Be8 Qb6+ 46. Kh1 Rg7 47. d6 Qd4 48. Qf6 Qg4 49. Bf7 Be4 50. Rf2 Bd5 51. Be8 Be6 52. Qxe5 Qxh4+ 53. Kg1 Qg4 54. Rf8 h4 55. Rf4 Qd1+ 56. Kh2 g5 57. Rd4 Qf1 58. Qxe6 Qf2 59. Qe4+ Kh6 60. d7 1-0

[Event "45th FIDE Chess Olympiad Open"]
[Site "Budapest, Hungary"]
[Date "2024.09.11"]
[Round "1.121"]
[White "Cogan, Nicolas"]
[Black "Dragnev, Valentin"]
[Result "0-1"]
[WhiteElo "2112"]
[BlackElo "2556"]
[PlyCount "66"]
[EventDate "2024.??.??"]
[WhiteTeam "Cote d’Ivoire"]
[BlackTeam "Austria"]
[BlackTeamCountry "AUT"]
[WhiteClock "0:00:57"]
[BlackClock "0:06:15"]

1. d4 Nf6 2. Nf3 g6 3. g3 Bg7 4. Bg2 O-O 5. O-O d6 6. a4 Nc6 7. Nc3 e5 8. dxe5 dxe5 9. Be3 ({RR} 9. Bg5 h6 10. Be3 Qe7 11. Qc1 Kh7 12. Rd1 Be6 13. a5 a6 14. Ne1 Rab8 15. Nd3 Nd7 16. Nd5 Bxd5 17. Bxd5 Nd4 18. Re1 e4 19. Nf4 c6 20. Ba2 Ne5 21. c3 {½-½ (21) Smyslov,V (2600)-Sax,G (2575) Graz 1984}) 9... Bf5 10. Bc5 $146 ({RR} 10. Qc1 Qe7 11. h3 Nb4 12. g4 Bd7 13. Bg5 {½-½ (13) Krishna,C (2430)-Mahitosh,D (2212) Biel 2022}) 10... Re8 11. Nd2 e4 12. Nc4 Nd7 13. Be3 Be6 14. Nd2 f5 15. f3 Nde5 16. Kh1 exf3 17. exf3 Qe7 18. Qe2 Rad8 19. Qf2 b6 20. h3 Na5 21. Rad1 Qb4 22. f4 Nec4 23. Nxc4 Nxc4 24. Nd5 Bxd5 25. Rxd5 Nxb2 26. Rb1 Qxa4 27. g4 Qa2 28. Qf1 Rxd5 29. Ra1 Rxe3 30. Rxa2 Rd1 31. Qxd1 Nxd1 32. Rxa7 Re1+ 33. Kh2 Re2 0-1

[Event "45th FIDE Chess Olympiad Open"]
[Site "Budapest, Hungary"]
[Date "2024.09.11"]
[Round "1.122"]
[White "Horvath, Dominik"]
[Black "De Gondo, Simplice Armel"]
[Result "1-0"]
[WhiteElo "2559"]
[BlackElo "2045"]
[PlyCount "67"]
[EventDate "2024.??.??"]
[WhiteTeam "Austria"]
[BlackTeam "Cote d’Ivoire"]
[WhiteTeamCountry "AUT"]
[WhiteClock "0:25:58"]
[BlackClock "0:03:16"]

1. e4 c5 2. c3 Nf6 3. e5 Nd5 4. Bc4 Nb6 5. Bb3 c4 6. Bc2 Nc6 7. Qe2 Qc7 8. Nf3 e6 9. b3 cxb3 10. axb3 d6 $146 ({RR} 10... d5 11. d4 Bd7 12. O-O Rc8 13. Na3 a6 14. Bd2 Be7 15. Rfc1 O-O 16. Qd3 g6 17. Qe3 f6 18. Qh6 Be8 19. Re1 f5 20. Bg5 Nd8 21. Qh4 Bxg5 22. Nxg5 Qg7 23. Qg3 h6 24. Nh3 g5 25. f4 {Isakson,A (1884)-Siebarth,R (2179) Willingen 2007 0-1 (45)}) 11. exd6 Bxd6 12. d4 Bd7 13. O-O Nd5 14. c4 Ncb4 15. Be4 Nf6 16. Nc3 O-O 17. Bb1 Bc6 18. Bg5 Rfe8 19. Ne5 h6 20. Bxf6 gxf6 21. Nxc6 Nxc6 22. Ne4 Be7 23. Qg4+ Kh8 24. Qh3 Kg7 25. Ng3 Rh8 26. d5 Nd8 27. Re1 Kf8 28. dxe6 fxe6 29. Bg6 Qb6 30. Rad1 Rc8 31. Nh5 Rg8 32. Nf4 Kg7 33. Bf5 Rc7 34. Bxe6 1-0

[Event "45th FIDE Chess Olympiad Open"]
[Site "Budapest, Hungary"]
[Date "2024.09.11"]
[Round "1.123"]
[White "Manan, Yoboue Hermann"]
[Black "Blohberger, Felix"]
[Result "0-1"]
[WhiteElo "2030"]
[BlackElo "2520"]
[PlyCount "48"]
[EventDate "2024.??.??"]
[WhiteTeam "Cote d’Ivoire"]
[BlackTeam "Austria"]
[BlackTeamCountry "AUT"]
[WhiteClock "0:35:20"]
[BlackClock "0:45:53"]

1. e4 c5 2. Nf3 d6 3. Bb5+ Nd7 4. O-O a6 5. Bxd7+ Bxd7 6. d4 cxd4 7. Qxd4 e5 8. Qd3 h6 9. Nc3 Nf6 10. a4 Rc8 11. Be3 Be7 12. a5 Qc7 13. Nd2 O-O 14. Bb6 Qc6 15. Rfc1 Be6 16. Ne2 $146 ({RR} 16. Na2 d5 17. exd5 Bxd5 18. Qg3 Qe6 19. Nc3 Bc6 20. Re1 Bd6 21. Nde4 Nxe4 22. Nxe4 Bxe4 23. Rxe4 Rxc2 24. b4 Rfc8 25. Rae1 Rc1 26. Qd3 Rxe1+ 27. Rxe1 Bxb4 28. Rd1 Bf8 29. h3 e4 30. Qd7 Qc6 {Kovalevskaya,E (2335)-Lysenko,M (2244) Moscow RUS 2023 1-0 (72)}) 16... d5 17. exd5 Nxd5 18. Qg3 Nxb6 19. axb6 Bg5 20. Nf3 Bxc1 21. Rxc1 f6 22. Nh4 Qxb6 23. b3 Rfd8 24. Ng6 Rxc2 0-1

[Event "45th FIDE Chess Olympiad Open"]
[Site "Budapest, Hungary"]
[Date "2024.09.11"]
[Round "1.124"]
[White "Baidetskyi, Valentin"]
[Black "Nean, Franck Anderson"]
[Result "1-0"]
[WhiteElo "2512"]
[BlackElo "1917"]
[PlyCount "68"]
[EventDate "2024.??.??"]
[WhiteTeam "Austria"]
[BlackTeam "Cote d’Ivoire"]
[WhiteTeamCountry "AUT"]
[WhiteClock "0:18:58"]
[BlackClock "0:21:35"]

1. e4 c5 2. Nf3 g6 3. c4 Bg7 4. d4 cxd4 5. Nxd4 Nc6 6. Be3 d6 7. Nc3 Nf6 8. Be2 Bd7 9. O-O Nxd4 10. Bxd4 Bc6 11. Qd3 O-O 12. b4 b6 13. Rfd1 Nd7 14. Bxg7 Kxg7 15. f4 $146 ({RR} 15. h4 h5 16. Qg3 Rh8 17. Nd5 Bxd5 18. cxd5 a5 19. a3 axb4 20. axb4 Nf6 21. e5 dxe5 22. Qxe5 Qd6 23. Qxd6 exd6 24. Rac1 Ra2 25. Bf3 Rb8 26. Rc6 Ne8 27. Rdc1 Rb2 28. R1c4 f5 29. Kf1 Ra8 {Glawe,H (1880)-Roeder,P (1862) Mecklenburg VP 2010 0-1 (37)}) 15... Kg8 16. e5 a5 17. b5 Nc5 18. Qg3 Bb7 19. f5 Qe8 20. exd6 exd6 21. Rxd6 Kh8 22. f6 Rd8 23. Rad1 Rxd6 24. Rxd6 Ba8 25. Rxb6 Ne4 26. Nxe4 Qxe4 27. Bf1 Qd4+ 28. Qf2 Qa1 29. Rd6 h5 30. c5 Be4 31. Qe3 Kh7 32. Qxe4 Qxa2 33. Rd5 Kh6 34. Qf4+ Kh7 1-0

[Event "45th FIDE Chess Olympiad Open"]
[Site "Budapest, Hungary"]
[Date "2024.09.11"]
[Round "1.125"]
[White "Mchedlishvili, Mikheil"]
[Black "Gurner, Jem"]
[Result "1-0"]
[WhiteElo "2574"]
[BlackElo "2091"]
[PlyCount "79"]
[EventDate "2024.??.??"]
[WhiteTeam "Georgia"]
[BlackTeam "Jersey"]
[WhiteTeamCountry "GEO"]
[WhiteClock "0:22:10"]
[BlackClock "0:01:47"]

1. c4 Nf6 2. g3 g6 3. Bg2 Bg7 4. Nc3 O-O 5. d4 d6 6. Nf3 Nc6 7. d5 Na5 8. b3 c5 9. Bb2 a6 10. O-O Ne4 $146 ({RR} 10... Rb8 11. Re1 b5 12. cxb5 axb5 13. e4 Bg4 14. Qc2 Bxf3 15. Bxf3 Nd7 16. Be2 b4 17. Nd1 Bxb2 18. Qxb2 e5 19. Ne3 Qc7 20. Rac1 Qa7 21. Bd3 Rb7 22. Qe2 Qb8 23. Rc2 Ra7 24. h4 Qd8 25. Kg2 {Tran,N (2268)-Vo,T Hue 1999 0-1 (55)}) ({RR} 10... Rb8 11. a4 e5 12. e4 Ne8 13. Ne1 f5 14. exf5 gxf5 15. Qc2 Nf6 16. Nd3 Bd7 17. Rfe1 Qb6 18. Ra3 Rbe8 19. Bc1 Kh8 20. f3 Qd8 21. Nf2 Ng8 22. Bd2 b6 23. Ne2 Qf6 24. Raa1 Bh6 25. Bc3 {Le,Q (2728)-Amin,B (2694) Biel SUI 2023 1-0 (35)}) ({RR} 10... Rb8 11. Nd2 b5 12. Qc1 Re8 13. Rd1 bxc4 14. bxc4 Ng4 15. Rb1 Ne5 16. Ba1 Bf5 17. Rxb8 Qxb8 18. e4 Bg4 19. f3 Bh6 20. f4 Bxd1 21. Nxd1 Nexc4 22. Qc3 f6 23. Nxc4 Nxc4 24. Qxc4 Qb1 25. Qa4 {Dudin,G (2521)-Karaoglan,D (2288) Ankara TUR 2024 ½-½ (35)}) ({RR} 10... Rb8 11. Nd2 b5 12. Qc1 e6 13. dxe6 Bxe6 14. cxb5 axb5 15. Nce4 Nxe4 16. Nxe4 Bxb2 17. Qxb2 f5 18. Nc3 Qf6 19. Qd2 b4 20. Nd5 Bxd5 21. Qxd5+ Kg7 22. Rad1 Rb6 23. f4 Re8 24. Rfe1 Qe6 25. e3 {Martin Carmona,G (2349)-Sousa,H (2082) Soure POR 2024 1-0 (49)}) 11. Qc1 Nxc3 12. Bxc3 b5 13. h4 h5 14. Bxg7 Kxg7 15. Qc3+ Kg8 16. Nd2 Rb8 17. f4 Bg4 18. e4 e6 19. e5 b4 20. Qb2 Bf5 21. Ne4 Bxe4 22. Bxe4 exd5 23. Bxd5 Kh7 24. Rae1 Qc7 25. e6 fxe6 26. Rxe6 Rbe8 27. f5 Rxe6 28. fxg6+ Rxg6 29. Rxf8 Qg7 30. Qxg7+ Kxg7 31. Rf7+ Kh8 32. Kg2 Rg8 33. Ra7 Re8 34. Ra8 Rxa8 35. Bxa8 Kg7 36. g4 hxg4 37. Kg3 Kh6 38. Kxg4 Kg6 39. h5+ Kh6 40. Be4 1-0

[Event "45th FIDE Chess Olympiad Open"]
[Site "Budapest, Hungary"]
[Date "2024.09.11"]
[Round "1.126"]
[White "Carpenter, Paul A"]
[Black "Kacharava, Nikolozi"]
[Result "0-1"]
[WhiteElo "1985"]
[BlackElo "2511"]
[PlyCount "64"]
[EventDate "2024.??.??"]
[WhiteTeam "Jersey"]
[BlackTeam "Georgia"]
[BlackTeamCountry "GEO"]
[WhiteClock "0:03:21"]
[BlackClock "0:17:17"]

1. b3 e5 2. Bb2 Nc6 3. d3 d5 ({RR} 3... g6 4. Nd2 Bg7 5. g3 Nge7 6. Bg2 O-O 7. e3 d5 8. Ne2 h5 9. h3 Be6 10. a3 a5 11. Nf3 Qd6 12. d4 exd4 13. Nexd4 Nxd4 14. Bxd4 c5 15. Bxg7 Kxg7 16. O-O a4 17. Qd2 axb3 18. cxb3 {Hess,R (2591)-Dubov,D (2720) Chess.com INT 2022 0-1 (34)}) 4. e3 ({RR} 4. Nd2 a5 5. a4 Be6 6. e3 f5 7. Ngf3 Bd6 8. Be2 Nf6 9. d4 e4 10. Ng5 Bd7 11. O-O h6 12. Bh5+ g6 13. Bxg6+ Ke7 14. Nf7 Qg8 15. Nxh8 Qg7 16. c4 Rxh8 17. Bh5 Nb4 18. c5 Bxh2+ {Rajaram,R (2062)-Antonio,J (2277) chess.com INT 2024 1-0 (40)}) 4... Nf6 5. Nd2 Bd6 6. Ne2 $146 ({RR} 6. g3 O-O 7. Bg2 Be6 8. Ne2 Re8 9. h3 Qd7 10. g4 d4 11. e4 Qe7 12. O-O Rad8 13. a3 h6 14. Ng3 Nh7 15. Nf3 Ng5 16. Nxg5 Qxg5 17. Bc1 Qh4 18. Nf5 Bxf5 19. exf5 Ne7 20. Bxb7 Qxh3 {Bedrossian,D (1641)-Joshi,S (1585) Chess.com INT 2020 0-1 (51)}) ({RR} 6. Be2 Bf5 7. Ngf3 Qe7 8. Nh4 Be6 9. a3 O-O-O 10. c4 d4 11. e4 Nxe4 12. Nxe4 Qxh4 13. g3 Qe7 14. b4 f5 15. Nd2 e4 16. O-O exd3 17. Bxd3 Ne5 18. Qc2 Nxd3 19. Qxd3 Be5 20. Nf3 Bf6 {McBryde,L-Sherman,D (2100) Parsippany 2011 0-1 (33)}) ({RR} 6. Be2) 6... Qe7 7. a3 h5 8. h3 Bf5 9. g3 e4 10. d4 Nd8 11. c4 c6 12. Nc3 Ne6 13. c5 Bc7 14. b4 Ng5 15. Qa4 Qe6 16. b5 O-O 17. Ne2 Nxh3 18. Nf4 Nxf4 19. gxf4 Bg4 20. Be2 Bxf4 21. Bxg4 Nxg4 22. Rxh5 Nxe3 23. fxe3 Bg3+ 24. Kf1 g6 25. Rh1 Qf5+ 26. Ke2 Qg4+ 27. Kf1 Kg7 28. Qd1 Qf5+ 29. Kg2 Qf2+ 30. Kh3 Rh8+ 31. Kg4 f5+ 32. Kg5 Qxe3# 0-1

[Event "45th FIDE Chess Olympiad Open"]
[Site "Budapest, Hungary"]
[Date "2024.09.11"]
[Round "1.127"]
[White "Paichadze, Luka"]
[Black "Belzo, Krzysztof"]
[Result "1-0"]
[WhiteElo "2516"]
[BlackElo "2076"]
[PlyCount "61"]
[EventDate "2024.??.??"]
[WhiteTeam "Georgia"]
[BlackTeam "Jersey"]
[WhiteTeamCountry "GEO"]
[WhiteClock "0:22:03"]
[BlackClock "0:08:54"]

1. e4 c5 2. Nf3 Nc6 3. Bb5 Nf6 4. Bxc6 dxc6 5. d3 Bg4 6. h3 Bh5 7. Nc3 Qc7 8. Be3 Nd7 9. g4 Bg6 10. Nh4 e6 11. f4 Be7 12. g5 $146 ({RR} 12. Nxg6 hxg6 13. Qf3 Bh4+ 14. Bf2 O-O-O 15. O-O-O Kb8 16. Kb1 Rh7 17. e5 Bxf2 18. Qxf2 Rdh8 19. Qe3 g5 20. Ne4 gxf4 21. Qxf4 f6 22. Rdf1 Qxe5 23. Qxe5+ Nxe5 24. Nxc5 Rxh3 25. Rxh3 Rxh3 26. Nxe6 Nxg4 {Matinian,N (2436)-Zhigalko,S (2572) Chess.com INT 2021 0-1 (40)}) ({RR} 12. Nf3 f6 13. Qd2 O-O-O 14. O-O-O c4 15. d4 Bb4 16. f5 exf5 17. exf5 Bf7 18. Bf4 Bxc3 19. bxc3 Qa5 20. Bh2 Qa3+ 21. Kb1 Nc5 22. Qf4 Na6 23. Qd2 Rd5 24. Qc1 Rb5+ {0-1 (24) Paichadze,L (2516)-Zhigalko,S (2572) chess.com INT 2024}) ({RR} 12. Nf3 f6 13. Qe2 O-O-O 14. f5 Bf7 15. fxe6 Bxe6 16. O-O-O Rhe8 17. Kb1 Qa5 18. Bd2 Bd6 19. b3 Qc7 20. Bc1 Nf8 21. Bb2 Bf7 22. h4 Ne6 23. g5 Bh5 24. Qf2 Rf8 25. Qg2 fxg5 26. Nxg5 Nf4 {Starozhilov,L (2293)-Zhigalko,S (2572) chess.com INT 2023 0-1 (58)}) 12... Nf8 13. Qg4 f6 14. O-O-O Bf7 15. Rhg1 Rg8 16. gxf6 gxf6 17. Qf3 Rxg1 18. Rxg1 Ng6 19. Qh5 f5 20. Qxh7 Bxh4 21. Rxg6 Qe7 22. Rh6 Be1 23. Qh8+ Qf8 24. Bxc5 Qg8 25. Qf6 Kd7 26. Qe7+ Kc8 27. Bd6 Qd8 28. Rh8 Bd2+ 29. Kxd2 Be8 30. Rxe8 Qxe8 31. Qc7# 1-0